000 00401nam a2200145Ia 4500
008 240729s9999 xx 000 0 und d
022 _a2628-9113
245 0 _aDastavezi
260 _aGermany
260 _bHeidelberg Asian Studies Publishing
650 _aGeography. Anthropology. Recreation
856 _uhttps://doaj.org/toc/ef5be7a1f02c4cbaa69d949f8c17dd45
942 _2ddc
942 _cDOAJEJ
999 _c73186
_d73186
945 _a1
_bMadushi Gamage
_c1
_dMadushi Gamage